Normal view
MARC view
- Strickland, A. J.
Entry Personal Name
001 - CONTROL NUMBER
- control field: 6160
003 - CONTROL NUMBER IDENTIFIER
- control field: OSt
005 - DATE AND TIME OF LATEST TRANSACTION
- control field: 20170519080746.0
008 - FIXED-LENGTH DATA ELEMENTS
- fixed length control field: 170519|| aca||aabn | a|a d
040 ## - CATALOGING SOURCE
- Original cataloging agency: OSt
- Transcribing agency: OSt
100 ## - HEADING--PERSONAL NAME
- Personal name: Strickland, A. J.
- Fuller form of name: (Alonzo J.)
670 ## - SOURCE DATA FOUND
- Source citation: Work cat.: (OSt)0: Thompson, Arthur A., 1940- 6159, Strategy formulation and implementation :, 1992

PORTAL AKMAL
E-MEL JKDM
AKMAL2U
G-BAM
u-PUSTAKA